| 000 | 00834nam a2200253 a 4500 | ||
|---|---|---|---|
| 001 | adlib96000001 | ||
| 003 | ViArRB | ||
| 005 | 200902210153555.7 | ||
| 008 | 960221s1955 dcuabcdjdbkoqu001 0deng d | ||
| 020 | _a | ||
| 022 | _a | ||
| 040 | _aAdlib | ||
| 082 | _a511 | ||
| 245 | _aIntroduction to the theory of numbers | ||
| 250 | _a2nd ed. | ||
| 260 |
_a _bNew York; Dover _c1957 |
||
| 300 |
_aviii, 183p. _c |
||
| 500 | _a | ||
| 100 |
_aDickson, Leonard Eugene _e |
||
| 700 |
_a _a |
||
| 942 | _cBK | ||
| 653 |
_aArithmetic _aSet theory _atheory of numbers _aNumber theory _aGroup theory _aAlgebra _aMathematics _aSet theory _atheory of numbers _aNumber theory _aGroup theory _aAlgebra _aMathematics _aSet theory |
||
| 952 |
_w2010-06-16 _p00005813 _r2011-11-11 _40 _00 _bUL _10 _o511 DIC _d2010-06-16 _70 _yBK _s2011-10-21 _l3 _aUL |
||
| 999 |
_c11967 _d11966 |
||